000 00414nam a2200157Ia 4500
008 240729s9999 xx 000 0 und d
022 _a2236-1960
245 0 _aAutopsy and Case Reports
260 _aBrazil
260 _bUniversity of São Paulo
650 _a Internal medicine
650 _aMedicine
856 _uhttps://doaj.org/toc/029c39c0bc1f4eeeb0a2510d87b3f31a
942 _2ddc
942 _cDOAJEJ
999 _c72018
_d72018
945 _a1
_bMadushi Gamage
_c1
_dMadushi Gamage